| 000 | 00607nam a2200253Ia 4500 | ||
|---|---|---|---|
| 008 | 181129s9999 xx 000 0 und d | ||
| 020 | _a9780544340664 | ||
| 050 | _bL921 2012 | ||
| 100 | _aLowry, Lois | ||
| 245 | 0 | _aSon / | |
| 245 | 0 | _cby Lois Lowry. | |
| 260 | _aNew York, NY : | ||
| 260 | _bHughton Mifflin Harcourt, | ||
| 260 | _c2012 | ||
| 300 | _a304 pages : | ||
| 300 | _billustrations ; | ||
| 300 | _c20cm. | ||
| 650 | _aAdoption. | ||
| 650 | _aMother and child. | ||
| 650 | _aSeparation (Psychology). | ||
| 650 | _aSurrogate mothers. | ||
| 650 | _aUtopias. | ||
| 700 | _aTitle. | ||
| 999 |
_c360134 _d360134 |
||